000 00524nam a22001937a 4500
005 20260601163622.0
010 _aENG-148658
020 _a9789349042315
_c175.00
035 _aEN-132190
037 _bDBAD
082 _aN
_21
100 _aShakespeare, William
245 _aRomeo and Juliet/
_cWilliam Shakespeare
250 _a1
260 _aChandigarh
_bThe Browser
_c2026
270 _bChandigarh
_aSCO 14-15, Sector 8-C
_e160009
_mservice@thebrowser.org
300 _a142p.
_c21cm(pb)
942 _2ddc
_cEN
_hN
_mSHA
999 _c216436
_d216436